02320nam a2200289 u 450000100070000000500170000700800410002402000150006503500110008003500210009104000130011204100080012508200080013310000290014124500600017026000420023030000190027249000320029150515000032365000170182365000300184065000440187065000260191465000260194065000270196665000370199366486120260506090455.0010517e20000202 spa  a8474327857 a664861 a(OCoLC)777795111 ccomduadb aspa 4a30210aSinclair, John4auteaut10aTelevisión: comunicación global y regionalización aBarcelona :bEditorial Gedisa,c2000. a158 páginas.0 aEstudios de Television ;v8 aCONTENIDO : Presentación. -- I: Televisión y comunicación en la época de la globalización: la respuesta de la teoría de un mundo cambiante. -- II: Cómo fue "The media are American". -- El desarrollo de los medios en el "primer mundo". -- III: El desarrollo de los medios en el "tercer mundo": televisión, "dependencia" e "imperialismo de los medios". -- IV: El debate sobre el NOMIC, el papel de la UNESCO y el caso de la industria de las noticias internacionales en la televisión. -- V: La teoría de la globalización: El concepto y la crítica. -- El papel destacado de la televisión y la comunicación social. -- VI: ¿La lucha continúa? Los conceptos críticos en la época del satélite. -- El debate sobre el "Imperialismo cultural" sigue en la era de globalización. -- VII: La amenaza a las "culturas nacionales" y a la identidad en la época de la globalización. -- La defensa de lo indefendible. -- VIII: El espacio y el tiempo en la era de la globalización: nuevas estructuras de la producción en las industrias culturales. -- IX: Los nuevos conceptos de la cultura: culturas híbridas, poscoloniales y viajes. -- Los flujos de la gente y de la televisión. -- X: Las "regiones geolingüísticas" cómo mercados globales: la industria de la televisión en el mundo iberoamericano desde una perspectiva global. -- XI: Cultura y comercio: la televisión, los Estados-nación y sus culturas en un mundo de libre comercio. -- Bibliografía. aTelevisión aTelevisión y política 7aMedios de comunicación de masas2lemb 7aGlobalización2lemb aComunicación social aTelevisión educativa aTelevisión - Aspectos sociales